The Toronto Quiz - Statistics

General Stats
  • This quiz has been taken 1,479 times
    1,192 since last reset
  • The average score is 17 of 27
Answer Stats
Question Answer % Correct
Province located Ontario
99%
Tallest building CN Tower
96%
MLB Baseball team Toronto Blue Jays
89%
Lies upon this body of water Lake Ontario
87%
NBA Basketball team Toronto Raptors
86%
NHL Hockey team Toronto Maple Leafs
84%
World famous natural attraction less than 2 hours away Niagara Falls
80%
Name of international airport Toronto Pearson
76%
Year the above won their first NBA title 2019
70%
Code of international airport YYZ
68%
MLB stadium Rogers Centre
63%
Major downtown mall Eaton Centre
62%
City's name before 1834 York
61%
Nickname of the city popularized by Drake The 6ix
60%
Main subway station Union Station
59%
City in which the above is located Mississauga
58%
CFL Football team Toronto Argonauts
56%
Mayor that stepped down in 2023 after a sex scandal John Tory
54%
Castle which attracts many tourists Casa Loma
53%
Year the above won their first world series championship 1992
52%
NHL/NBA Arena Scotiabank Arena
51%
East End suburb with famous bluffs Scarborough
49%
Former name of the above Skydome
48%
City square resembling time square Yonge and Dundas Square
45%
Building/Park home to the provincial parliament Queens Park
41%
Major park with a zoo High Park
33%
Bohemian neighborhood near Chinatown Kensington Market
29%
No matching quizzes found
Score Distribution
Percent of People with Each Score
Percentile by Number Answered
Your Score History
You have not taken this quiz since the last reset